000 01732nas a2200337 i 4500
003 DO-SdBNP
005 20260212145524.0
007 ta
008 260212e2019 dr |||p|r||||||0| | spa d
022 _a2676-0541
040 _aDO-SdBNP
_bspa
_cBNPHU
_erda
041 _aspa
110 1 _aUniversidad Autónoma de Santo Domingo
_972951
_bEscuela de Crítica e Historia del Arte
_bFacultad de Artes
245 _aRevista artelia :
_bdentro del arte /
_cUniversidad Autónoma de Santo Domingo ; auspiciado: Banco Popular Dominicano. editor: Fernando Cabrera, director: Danilo De los Santos.
246 _aArtelia.
264 _aSanto Domingo, República Dominicana :
_bUniversidad Autónoma de Santo Domingo.
_bBanco Popular Dominicano.
_bAmigo del Hogar,
_c2019.
300 _avolumen :
_bilustraciones, fotografías, pintura ;
_c29 x 22 cm.
310 _aDesconocida.
336 _atexto
_btxt
_2rdacontent
337 _asin mediación
_bn
_2rdamedia
338 _avolumen
_bnc
_2rdacarrier
362 _aAño 1. No. 1, 2019.
500 _aCatalogación basada en el número: Año 1. No. 1, 2019.
520 _aNos lavamos la cara, el cerebro a instancia de este proyecto; pero jamás la memoria, porque s imposible enjabonar la caverna residual que reposa en el cuerpo como pertenencia, y que Jung alguna vez llamó inconsciente colectivo.
650 0 _aArtes
_vPublicaciones periódicas
_zRepública Dominicana
_9650
650 0 _aExposiciones
_vPublicaciones periódicas
_zRepública Dominicana
_984599
700 1 _aSantos, Danilo de los,
_d1943-2018
_910278
_edirector
700 _aCabrera, Fernando,
_d1964-
_924611
_eeditor
710 _aBanco Popular de la República Dominicana
_97760
_eauspicio
942 _2ddc
_cISSUE
999 _c60309
_d60309